000 00610nam a2200205Ia 4500
003 IN-BaIIA
008 211028s9999 xx 000 0 eng d
020 _a0-393-04642-7
040 _cIIA Library
080 _a[8]:01:00
_bWHE
100 _aWheeler, J. A
_919956
245 0 _aGeons, black holes and quantum foam
_ba life in physics
_cJ. A. Wheeler and K. Ford
260 _aNew York
_bW. W Norton
_c1998
300 _a380p.
650 _aBiography
_91224
650 _aBlack holes
_97728
650 _aPhysics
_973
700 _aFord, K
_924047
942 _cBK
999 _c13686
_d13686